[Event "CZE-chT2F 1112"]
[Site "Czech Republic"]
[Date "2011.11.06"]
[Round "2.8"]
[White "Bok, Tomas"]
[Black "Oczko, Zdenek"]
[Result "1/2-1/2"]
[WhiteElo "1777"]
[BlackElo "1742"]
[PlyCount "41"]
[EventDate "2011.10.09"]
[EventType "team-tourn"]
[EventRounds "11"]
[EventCountry "CZE"]
[SourceTitle "EXT 2013"]
[Source "ChessBase"]
[SourceDate "2012.11.22"]
[SourceVersion "1"]
[SourceVersionDate "2012.11.22"]
[SourceQuality "1"]
[WhiteTeam "Dobra"]
[BlackTeam "Havirov II"]
[WhiteTeamCountry "CZE"]
[BlackTeamCountry "CZE"]

1. e4 e5 2. Nf3 Nc6 3. d3 Nf6 4. Bg5 Be7 5. Bxf6 Bxf6 6. g3 0-0 7. Bg2 d5 8. exd5 Qxd5 9. Nc3 Qd8 10. 0-0 Bg4 11. Qd2 Bxf3 12. Bxf3 Bg5 13. Qd1 Nd4 14. Bg2 g6 15. Ne4 Be7 16. c3 Ne6 17. Qc2 Qd7 18. Rad1 Rad8 19. Bh3 f5 20. Qb3 Kh8 21. f3 1/2-1/2